| 000 | 01575nab a22003017a 4500 | ||
|---|---|---|---|
| 999 |
_c5362 _d5362 |
||
| 003 | OSt | ||
| 005 | 20250225215738.0 | ||
| 008 | 190603e xxum|||| |||| 00| 0 spa d | ||
| 040 | _cPJ-TDF | ||
| 100 |
_96397 _aReátegui Hehn, Elia |
||
| 245 | 1 | 0 |
_aJurisprudencia destacada en "Perspectivas jurídicas y desafíos en el ámbito de la salud" / _cElia Reátegui Hehn. |
| 260 |
_cCiudad Autónoma de Buenos Aires : _aThomson Reuters La Ley, _b2024. |
||
| 300 | _ap. 44-48 | ||
| 500 | _aCita: TR LALEY AR/DOC/2917/2024. | ||
| 505 | _a Sumario: I. DNU 70/2023.— II. Personas con discapacidad.— III. Cobertura de medicamentos.— IV. Cobertura de prestaciones.— V. Prestadores ajenos a la obra social.— VI. Persona transgénero.— VII. Internación involuntaria de personas.— VIII. Responsabilidad del establecimiento que brinda servicios de salud.— IX. Afiliación a obra social.— X. Vacunación obligatoria. | ||
| 505 | _t¿Te interesa el texto completo? Solicitalo al correo: koha@justierradelfuego.gov.ar | ||
| 650 | 0 |
_91253 _aDERECHO A LA SALUD |
|
| 650 | 0 |
_9200 _aDECRETOS DE NECESIDAD Y URGENCIA |
|
| 650 | 0 |
_93271 _aPERSONAS CON DISCAPACIDAD |
|
| 650 | 0 |
_94613 _aCOBERTURA MEDICA |
|
| 650 | 0 |
_aOBRAS SOCIALES _91408 |
|
| 650 | 0 |
_aMEDICINA PREPAGA _93273 |
|
| 650 | 0 |
_aMEDICAMENTOS _95612 |
|
| 650 | 0 |
_aCONSTITUCIONALIDAD _94597 |
|
| 650 | 0 |
_aJURISPRUDENCIA APLICABLE _91057 |
|
| 773 | 0 |
_02713 _93170 _dCiudad Autónoma de Buenos Aires : Thomson Reuters La Ley, 2015- _tRevista Código Civil y Comercial. Nº 6 - Diciembre 2024 |
|
| 942 |
_2udc _cANA |
||